00752nam a2200217 a 450000100100000000500170001000800410002704000250006808200200009310000370011324500610015026000610021130000200027249000120029265000300030465000320033483000180036604900090038495201240039399900170051700002414620200930022746.0110119s1973 ve r 000 p spa d aDO-SdBNPbspacBNPHU aVe861.44bM149r1 aMachado, Luz,d1916-1999.91734710aRetratos y tormentos :bpoemas 1960-1972 /cLuz Machado. aCaracas, (Venezuela) :bMonte Ávila Editores,c[1973]. c75 p. ;c19 cm.1 aAltazor 4aPoesía venezolana94230 4aLiteratura venezolana93816 0aAltazor98724 aBNGR 001054708MOaGRbGRcCTd2011-01-19iLF1l0oVe861.44 M149rp24146-10r2020-06-25w2020-06-25y4ZPréstamo en sala c23640d23640